[Event "4NCL 3 North pool A"]
[Site "Crewe, ENG ENG"]
[Date "2016.01.16"]
[Round "3.55"]
[White "White, Mark W"]
[Black "Wallace, Paul"]
[Result "0-1"]
[WhiteElo "2081"]
[BlackElo "2214"]
[PlyCount "62"]
[EventDate "2016.01.16"]
[WhiteTeam "Jorvik"]
[BlackTeam "Cheddleton 2"]

1. e4 e5 2. Bb5 c6 3. Ba4 Nf6 4. Nc3 Bc5 5. Nf3 d5 6. Qe2 O-O 7. O-O Bg4 8. d3
d4 9. Nb1 Nbd7 10. Bg5 h6 11. Bh4 g5 12. Bg3 Re8 13. Bb3 Nf8 14. h4 Ng6 15.
hxg5 hxg5 16. Nbd2 Kg7 17. Qe1 Nh5 18. Nh2 Bd7 19. Qe2 Rh8 20. Qf3 f6 21. Rfe1
Bb4 22. Rad1 Bxd2 23. Rxd2 Rh7 24. c3 Qa5 25. Red1 Rah8 26. cxd4 Nxg3 27. fxg3
Rxh2 28. d5 Qc5+ 29. Kf1 cxd5 30. exd5 Qd4 31. Rf2 Rh1+ 0-1

[Event "4NCL 3 North pool A"]
[Site "Crewe, ENG ENG"]
[Date "2016.01.16"]
[Round "3.56"]
[White "Acey, Gerald"]
[Black "Carpenter, Martin"]
[Result "1/2-1/2"]
[WhiteElo "2104"]
[BlackElo "2080"]
[PlyCount "55"]
[EventDate "2016.01.16"]
[WhiteTeam "Cheddleton 2"]
[BlackTeam "Jorvik"]

1. d4 e6 2. Nf3 c5 3. g3 b5 4. Bg2 Bb7 5. O-O Nf6 6. c3 Be7 7. Nbd2 O-O 8. Re1
d5 9. Ne5 cxd4 10. cxd4 Nc6 11. Ndf3 h6 12. Bd2 Qb6 13. Nxc6 Bxc6 14. Rc1 a5
15. Bf4 Rfc8 16. Ne5 Be8 17. h3 b4 18. Nd3 Ne4 19. Be3 Bb5 20. Bxe4 dxe4 21.
Nc5 Bc6 22. Nxe6 fxe6 23. d5 Qb7 24. dxc6 Rxc6 25. Rxc6 Qxc6 26. Qb3 a4 27. Qd1
Rd8 28. Qb1 1/2-1/2

[Event "4NCL 3 North pool A"]
[Site "Crewe, ENG ENG"]
[Date "2016.01.16"]
[Round "3.57"]
[White "Cowan, Richard M"]
[Black "Richardson, Alex"]
[Result "1/2-1/2"]
[WhiteElo "1889"]
[BlackElo "2133"]
[PlyCount "103"]
[EventDate "2016.01.16"]
[WhiteTeam "Jorvik"]
[BlackTeam "Cheddleton 2"]

1. e4 c6 2. d4 d5 3. e5 Bf5 4. Nf3 e6 5. Nbd2 Nd7 6. Nb3 h6 7. Bd3 Ne7 8. O-O
g5 9. a3 Bg7 10. Re1 Qc7 11. c3 Qb6 12. Bf1 Bg4 13. Nbd2 c5 14. dxc5 Nxc5 15.
b4 Nd7 16. Qa4 Nc6 17. Bb2 O-O 18. c4 Bxf3 19. Nxf3 dxc4 20. Bxc4 Rac8 21. Bb5
a6 22. Bxc6 Qxc6 23. Qxc6 Rxc6 24. h3 Rc2 25. Bd4 Rc4 26. Rad1 Rfc8 27. Kf1 Bf8
28. Re3 Nb8 29. Ke2 Rd8 30. Red3 Nc6 31. Bb6 Re4+ 32. Re3 Rxd1 33. Rxe4 Rd5 34.
h4 gxh4 35. Ke3 Bg7 36. Bc7 Ne7 37. Nxh4 Rd1 38. Kf3 Nd5 39. Rc4 Rd3+ 40. Ke4
Rxa3 41. Bd6 Ra4 42. g3 b5 43. Rd4 Bf8 44. Rxd5 exd5+ 45. Kxd5 Ra2 46. f4 Ra3
47. Nf5 h5 48. Kc6 Ra1 49. Kb6 Ra4 50. Kc5 Ra1 51. Kb6 Ra4 52. Kc5 1/2-1/2

[Event "4NCL 3 North pool A"]
[Site "Crewe, ENG ENG"]
[Date "2016.01.16"]
[Round "3.58"]
[White "Edwards, Simon R"]
[Black "Flint, Martina"]
[Result "1-0"]
[WhiteElo "2020"]
[BlackElo "1825"]
[PlyCount "99"]
[EventDate "2016.01.16"]
[WhiteTeam "Cheddleton 2"]
[BlackTeam "Jorvik"]

1. e4 g6 2. d4 Bg7 3. Nc3 d6 4. Be3 c6 5. Qd2 h5 6. h3 Qc7 7. Bd3 e6 8. Nf3 Ne7
9. Bf4 a6 10. a4 Nd7 11. Ne2 e5 12. dxe5 Nxe5 13. Nxe5 dxe5 14. Bg5 Be6 15. Qc3
O-O 16. Be3 b6 17. a5 b5 18. Bb6 Qb7 19. O-O Nc8 20. Bc5 Re8 21. Qb4 Qc7 22.
Rad1 Rb8 23. Nc1 Kh7 24. Be2 Rb7 25. b3 f6 26. Nd3 Qf7 27. Qc3 Qc7 28. Nb4 Na7
29. Nxa6 Qf7 30. Nb4 f5 31. a6 Rc7 32. Bxa7 Rxa7 33. Qxc6 Bf8 34. Qxb5 Bd7 35.
Qb6 Bc8 36. Bc4 Qc7 37. Qxc7+ Rxc7 38. Nd5 Rxc4 39. bxc4 Kg7 40. a7 Bb7 41. Rb1
Bc6 42. Rb8 Re6 43. a8=Q Bxa8 44. Rxa8 Rc6 45. Rb1 Bc5 46. Rb7+ Kh6 47. h4 g5
48. Rh8+ Kg6 49. Rg8+ Kh6 50. hxg5# 1-0

[Event "4NCL 3 North pool A"]
[Site "Crewe, ENG ENG"]
[Date "2016.01.16"]
[Round "3.59"]
[White "Anderson, Paul W"]
[Black "Davison, Colin F S"]
[Result "1/2-1/2"]
[WhiteElo "1815"]
[BlackElo "2004"]
[PlyCount "92"]
[EventDate "2016.01.16"]
[WhiteTeam "Jorvik"]
[BlackTeam "Cheddleton 2"]

1. c4 e5 2. Nc3 Nc6 3. Nf3 Nf6 4. g3 Be7 5. Bg2 d6 6. d3 O-O 7. O-O Re8 8. a3
a5 9. b3 Bg4 10. Bb2 Qc8 11. Re1 Bf8 12. Nd5 Nxd5 13. cxd5 Ne7 14. e4 c6 15.
Rc1 Qd7 16. d4 exd4 17. Qxd4 c5 18. Qd3 Ng6 19. a4 Rab8 20. Qb5 Qd8 21. Bc3 b6
22. Nd2 Bd7 23. Qe2 h6 24. f4 b5 25. Qd1 b4 26. Bb2 f6 27. Nc4 Qc7 28. Qh5 Nh8
29. e5 fxe5 30. fxe5 Red8 31. Be4 Be8 32. Qg4 Nf7 33. exd6 Qa7 34. Rf1 Nxd6 35.
Bh7+ Kxh7 36. Rxf8 Bg6 37. Rxd8 Rxd8 38. Ne5 Bf5 39. Qf4 g5 40. Qe3 Rc8 41. g4
Be4 42. Nc6 Qd7 43. Ne5 Qc7 44. Nd3 Qf7 45. Be5 Qxd5 46. Bxd6 Qxd3 1/2-1/2

[Event "4NCL 3 North pool A"]
[Site "Crewe, ENG ENG"]
[Date "2016.01.16"]
[Round "3.60"]
[White "Jamieson, Ian"]
[Black "Andrews, Norman G"]
[Result "1-0"]
[WhiteElo "1933"]
[BlackElo "1563"]
[PlyCount "79"]
[EventDate "2016.01.16"]
[WhiteTeam "Cheddleton 2"]
[BlackTeam "Jorvik"]

1. b3 d6 2. Bb2 Nf6 3. e3 e5 4. c4 b6 5. Nf3 Bb7 6. Be2 Nbd7 7. Nc3 Be7 8. O-O
O-O 9. d4 exd4 10. Nxd4 a6 11. Qc2 Re8 12. e4 Bf8 13. f3 g6 14. Nd5 Bg7 15. Bd3
Nf8 16. Rae1 Ne6 17. Qf2 Nxd4 18. Bxd4 Nd7 19. Bxg7 Kxg7 20. Qd4+ Kg8 21. f4
Bxd5 22. cxd5 Nc5 23. Bc2 a5 24. a3 Qe7 25. g3 Qf8 26. b4 axb4 27. axb4 Nd7 28.
Qc4 Ra7 29. Qc6 Nb8 30. Qc4 Rd8 31. e5 dxe5 32. fxe5 Qg7 33. Bb3 Kh8 34. Kh1
Ra3 35. Qc3 Rd7 36. e6 fxe6 37. dxe6 Rd8 38. e7 Re8 39. Rf8+ Rxf8 40. exf8=Q#
1-0

[Event "4NCL 3 North pool A"]
[Site "Crewe, ENG ENG"]
[Date "2016.01.16"]
[Round "3.65"]
[White "Lang, Adam R"]
[Black "Walton, Alan J"]
[Result "1/2-1/2"]
[WhiteElo "2146"]
[BlackElo "2206"]
[PlyCount "24"]
[EventDate "2016.01.16"]
[WhiteTeam "Bradford DCA Knights A"]
[BlackTeam "3Cs 2"]

1. d4 e6 2. c4 d5 3. Nc3 c6 4. e3 f5 5. Nf3 Bd6 6. Bd3 Nf6 7. Qc2 Ne4 8. Bd2
Nd7 9. Rf1 Ndf6 10. O-O-O Nxc3 11. Bxc3 Ne4 12. Ne5 Nxc3 1/2-1/2

[Event "4NCL 3 North pool A"]
[Site "Crewe, ENG ENG"]
[Date "2016.01.16"]
[Round "3.66"]
[White "Rita, Joao"]
[Black "Allis, Richard"]
[Result "1-0"]
[WhiteElo "2042"]
[BlackElo "2107"]
[PlyCount "161"]
[EventDate "2016.01.16"]
[WhiteTeam "3Cs 2"]
[BlackTeam "Bradford DCA Knights A"]

1. e4 e5 2. Nf3 Nc6 3. Bc4 d6 4. d4 exd4 5. Nxd4 Qh4 6. O-O Ne5 7. Nf3 Qe7 8.
Nxe5 dxe5 9. b3 Be6 10. Ba3 c5 11. Bb5+ Bd7 12. Bxc5 Qe6 13. Bxf8 Bxb5 14. Bxg7
Rd8 15. Qc1 Bxf1 16. Qxf1 Ne7 17. Bxh8 f6 18. Bg7 Qg4 19. Nc3 Qxg7 20. Nb5 Nc6
21. Rd1 Qe7 22. Nc3 Nd4 23. Nd5 Qg7 24. c3 Ne6 25. Qb5+ Kf8 26. Rd3 Qf7 27. Rg3
b6 28. h3 Rd6 29. Qa6 Rd8 30. Rf3 Nc5 31. Qc4 Rd6 32. Rg3 Qe6 33. b4 Nxe4 34.
Qxe4 Rxd5 35. Qxh7 Rd7 36. Qh8+ Ke7 37. Rg7+ Kd6 38. Qb8+ Kd5 39. Qa8+ Kd6 40.
Qf8+ Kc7 41. Rxd7+ Kxd7 42. Qg7+ Kc8 43. Qxa7 e4 44. Qg7 e3 45. fxe3 Qxe3+ 46.
Kh2 Qxc3 47. Qg8+ Kd7 48. Qg4+ Ke7 49. h4 Qe5+ 50. Qg3 Qh5 51. Kh3 Qf5+ 52. Qg4
Qd3+ 53. Qf3 Qd7+ 54. g4 Kf7 55. h5 Qd4 56. Kh4 Qg1 57. Qb7+ Kf8 58. Qc8+ Kf7
59. Qc7+ Ke8 60. Qc6+ Ke7 61. Qe4+ Kf8 62. Qf4 Qe1+ 63. Kh3 Qh1+ 64. Kg3 Qg1+
65. Kf3 Qh1+ 66. Ke3 Qe1+ 67. Kd3 Qb1+ 68. Kc3 Qe1+ 69. Kc4 Qe2+ 70. Kd5 Qxa2+
71. Kc6 Qa8+ 72. Kxb6 Qd8+ 73. Qc7 Qd2 74. b5 Kg8 75. Ka7 Qd4+ 76. Kb8 Qd5 77.
b6 f5 78. gxf5 Kh8 79. h6 Qf7 80. Qc3+ Kg8 81. Qg7+ 1-0

[Event "4NCL 3 North pool A"]
[Site "Crewe, ENG ENG"]
[Date "2016.01.16"]
[Round "3.67"]
[White "Drabble, Andrew"]
[Black "Lau, Jason"]
[Result "1-0"]
[WhiteElo "2064"]
[BlackElo "2080"]
[PlyCount "73"]
[EventDate "2016.01.16"]
[WhiteTeam "Bradford DCA Knights A"]
[BlackTeam "3Cs 2"]

1. d4 Nf6 2. Nf3 g6 3. Nbd2 d5 4. e3 Bg7 5. b4 O-O 6. Bb2 a6 7. c4 e6 8. Be2 b6
9. O-O Bb7 10. Qb3 Nbd7 11. Rfc1 dxc4 12. Nxc4 Qe7 13. Nce5 Bd5 14. Bc4 c6 15.
Bxd5 cxd5 16. b5 axb5 17. Qxb5 Ra5 18. Qb3 Rfa8 19. Nc6 Qe8 20. Nxa5 Rxa5 21.
Bc3 Ra8 22. Qb5 Bf8 23. a4 Ne4 24. Bb4 Bxb4 25. Qxb4 Kg7 26. h3 h5 27. a5 bxa5
28. Rxa5 Rxa5 29. Qxa5 g5 30. Qc7 g4 31. Ne5 Nxe5 32. Qxe5+ Kg6 33. h4 Qb5 34.
Rc8 Qb1+ 35. Kh2 g3+ 36. fxg3 Nf2 37. Rg8+ 1-0

[Event "4NCL 3 North pool A"]
[Site "Crewe, ENG ENG"]
[Date "2016.01.16"]
[Round "3.68"]
[White "Clarke, Stuart W"]
[Black "Eagleton, Greg T"]
[Result "1/2-1/2"]
[WhiteElo "1945"]
[BlackElo "2087"]
[PlyCount "33"]
[EventDate "2016.01.16"]
[WhiteTeam "3Cs 2"]
[BlackTeam "Bradford DCA Knights A"]

1. e4 c5 2. c3 d5 3. exd5 Qxd5 4. d4 Nc6 5. Nf3 Nf6 6. Be2 e6 7. Na3 Qd8 8. Nc2
Be7 9. O-O O-O 10. Ne5 Qc7 11. Nxc6 Qxc6 12. Bf3 Qc7 13. Re1 Re8 14. Qe2 Rb8
15. dxc5 Bxc5 16. Bg5 Be7 17. Red1 1/2-1/2

[Event "4NCL 3 North pool A"]
[Site "Crewe, ENG ENG"]
[Date "2016.01.16"]
[Round "3.69"]
[White "Jennings, Roger W"]
[Black "Burke, Mitchell R"]
[Result "1/2-1/2"]
[WhiteElo "2078"]
[BlackElo "2012"]
[PlyCount "24"]
[EventDate "2016.01.16"]
[WhiteTeam "Bradford DCA Knights A"]
[BlackTeam "3Cs 2"]

1. g3 g6 2. Bg2 Bg7 3. Nf3 d6 4. d4 Nd7 5. c4 Ngf6 6. O-O O-O 7. Nc3 e5 8. dxe5
dxe5 9. Qc2 c6 10. Rd1 Qc7 11. b3 Re8 12. e4 Bf8 1/2-1/2

[Event "4NCL 3 North pool A"]
[Site "Crewe, ENG ENG"]
[Date "2016.01.16"]
[Round "3.70"]
[White "McLean, Robert"]
[Black "Barlow, David"]
[Result "1/2-1/2"]
[WhiteElo "1847"]
[BlackElo "2027"]
[PlyCount "66"]
[EventDate "2016.01.16"]
[WhiteTeam "3Cs 2"]
[BlackTeam "Bradford DCA Knights A"]

1. e4 e5 2. Nf3 d6 3. d4 exd4 4. Nxd4 Nf6 5. Nc3 Be7 6. Be2 O-O 7. Be3 c5 8.
Nb3 Nc6 9. O-O a5 10. a4 Nb4 11. Bf3 Qb6 12. Qe2 Be6 13. Rad1 Nxc2 14. Nd5 Nxd5
15. exd5 Bf5 16. Qc4 Qb4 17. Be2 Qxc4 18. Bxc4 Bg4 19. Rc1 Nxe3 20. fxe3 Bg5
21. Rce1 Rfe8 22. e4 Bf6 23. Bb5 Re7 24. Rf2 Bd7 25. Bxd7 Rxd7 26. Rc2 b6 27.
Nd2 b5 28. axb5 Rb8 29. Nc4 Rxb5 30. Ra1 Kf8 31. Rxa5 Rxa5 32. Nxa5 Ra7 33. b4
Bd4+ 1/2-1/2

[Event "4NCL 3 North pool A"]
[Site "Crewe, ENG ENG"]
[Date "2016.01.16"]
[Round "3.75"]
[White "Cooper, John G"]
[Black "Turner, John M"]
[Result "1/2-1/2"]
[WhiteElo "1955"]
[BlackElo "2027"]
[PlyCount "60"]
[EventDate "2016.01.16"]
[WhiteTeam "Spirit of Atticus C"]
[BlackTeam "Holmes Chapel"]

1. d4 d5 2. Nf3 Nf6 3. c3 e6 4. Bf4 Bd6 5. e3 Bxf4 6. exf4 O-O 7. Bd3 c5 8.
dxc5 Qc7 9. g3 Qxc5 10. Nbd2 Nc6 11. Ne5 d4 12. Nxc6 Qxc6 13. Qf3 dxc3 14. bxc3
Qxf3 15. Nxf3 b6 16. O-O Bb7 17. Ne5 Rfd8 18. Rfd1 Rac8 19. c4 Ne4 20. Rac1 f6
21. Ng4 Nc5 22. Be2 Kf7 23. Ne3 g6 24. f3 Ke7 25. Kf2 Rxd1 26. Rxd1 Rd8 27.
Rxd8 Kxd8 28. Ng4 Ke7 29. Ke3 h5 30. Nf2 Kd6 1/2-1/2

[Event "4NCL 3 North pool A"]
[Site "Crewe, ENG ENG"]
[Date "2016.01.16"]
[Round "3.76"]
[White "Bennett, Patrick"]
[Black "Miles, Richard"]
[Result "1/2-1/2"]
[WhiteElo "2011"]
[BlackElo "1951"]
[PlyCount "39"]
[EventDate "2016.01.16"]
[WhiteTeam "Holmes Chapel"]
[BlackTeam "Spirit of Atticus C"]

1. d4 d5 2. c4 e6 3. Nc3 c6 4. Nf3 dxc4 5. e3 b5 6. a4 Bb4 7. Bd2 a5 8. Ne5 Qc7
9. axb5 Bxc3 10. Bxc3 cxb5 11. b3 Bb7 12. bxc4 b4 13. Bb2 Nf6 14. Bd3 O-O 15.
O-O Nbd7 16. f4 Be4 17. Nxd7 Qxd7 18. d5 Bxd3 19. Qxd3 a4 20. Bxf6 1/2-1/2

[Event "4NCL 3 North pool A"]
[Site "Crewe, ENG ENG"]
[Date "2016.01.16"]
[Round "3.77"]
[White "McDonagh, Michael"]
[Black "Doran, Chris"]
[Result "1/2-1/2"]
[WhiteElo "1930"]
[BlackElo "1990"]
[PlyCount "105"]
[EventDate "2016.01.16"]
[WhiteTeam "Spirit of Atticus C"]
[BlackTeam "Holmes Chapel"]

1. d4 Nf6 2. Nd2 g6 3. e4 d6 4. Ngf3 Bg7 5. c3 c5 6. Bd3 O-O 7. O-O Nbd7 8. Re1
Qc7 9. Qe2 e5 10. dxe5 dxe5 11. a4 b6 12. Nc4 Bb7 13. Bg5 Nh5 14. Rad1 h6 15.
Bc1 Rfe8 16. Qc2 Rad8 17. Bf1 Nf8 18. Nfd2 Bc6 19. Ne3 Nf6 20. g3 h5 21. Bg2
Qb7 22. b3 Ne6 23. h4 Bh6 24. Nec4 Nf8 25. f3 Qc7 26. Nf1 Bxc1 27. Qxc1 Kg7 28.
Rxd8 Rxd8 29. Rd1 Rxd1 30. Qxd1 Qd7 31. Qd6 Qxd6 32. Nxd6 Bd7 33. Ne3 Ne8 34.
Nec4 Nxd6 35. Nxd6 Kf6 36. Bf1 Be6 37. b4 Ke7 38. Nc4 cxb4 39. cxb4 Bxc4 40.
Bxc4 a5 41. bxa5 bxa5 42. Kf2 f6 43. Ke3 g5 44. hxg5 fxg5 45. f4 gxf4+ 46. gxf4
Kf6 47. f5 Nd7 48. Kf3 Kg5 49. Bd3 Nc5 50. Bc2 Nd7 51. Kg3 Nc5 52. Kh3 Nd7 53.
Kg3 1/2-1/2

[Event "4NCL 3 North pool A"]
[Site "Crewe, ENG ENG"]
[Date "2016.01.16"]
[Round "3.78"]
[White "Scattergood, Ben"]
[Black "Emerton, Keith"]
[Result "1-0"]
[WhiteElo "1942"]
[BlackElo "1802"]
[PlyCount "61"]
[EventDate "2016.01.16"]
[WhiteTeam "Holmes Chapel"]
[BlackTeam "Spirit of Atticus C"]

1. e4 d6 2. d4 Nf6 3. Nc3 g6 4. Bf4 Bg7 5. Qd2 h6 6. O-O-O g5 7. Be3 Ng4 8. h4
Nxe3 9. Qxe3 f6 10. Be2 c6 11. e5 Kd7 12. e6+ Kc7 13. d5 a6 14. Na4 c5 15. Nxc5
b6 16. Na4 Kb7 17. Rd3 b5 18. Rb3 Qa5 19. Nc3 Kc7 20. Ra3 Qb6 21. Nxb5+ Kb7 22.
Nd4 Ka7 23. Rb3 Qc5 24. Rc3 Qb6 25. Rc7+ Qxc7 26. Nb5+ Kb7 27. Nxc7 Kxc7 28.
Qc3+ Kb7 29. Qb4+ Ka7 30. Qd4+ Kb7 31. Rh3 1-0

[Event "4NCL 3 North pool A"]
[Site "Crewe, ENG ENG"]
[Date "2016.01.16"]
[Round "3.79"]
[White "Lockett, Karl J"]
[Black "Higgie, Charles L"]
[Result "1/2-1/2"]
[WhiteElo "1832"]
[BlackElo "1867"]
[PlyCount "116"]
[EventDate "2016.01.16"]
[WhiteTeam "Spirit of Atticus C"]
[BlackTeam "Holmes Chapel"]

1. Nf3 d5 2. c4 c6 3. g3 Nd7 4. b3 e5 5. cxd5 cxd5 6. Bg2 Bd6 7. O-O Ne7 8. Bb2
f6 9. Nc3 a6 10. Rc1 Nf8 11. d3 Be6 12. Ne1 g5 13. e3 g4 14. f4 gxf3 15. Qxf3
Nd7 16. Bh3 f5 17. e4 dxe4 18. dxe4 O-O 19. Rd1 Qb6+ 20. Kh1 Kh8 21. exf5 Bxf5
22. Bxf5 Nxf5 23. Nc2 Nd4 24. Qg2 Nxc2 25. Qxc2 Rac8 26. Qd3 Rxf1+ 27. Rxf1
Qc6+ 28. Qe4 Nc5 29. Qxc6 Rxc6 30. Rd1 Kg8 31. Kg2 e4 32. Nd5 Nd3 33. Nf6+ Kf7
34. Bd4 Rc2+ 35. Kh3 Be5 36. Nxe4 Bxd4 37. Rxd3 Bg1 38. Rd2 Rc1 39. Kg4 Ra1 40.
a4 Rb1 41. Rd7+ Kg6 42. h4 h5+ 43. Kf4 Rxb3 44. Rd6+ Kg7 45. Kg5 b5 46. Rxa6
Rb4 47. Rg6+ Kf8 48. Nc3 bxa4 49. Ra6 Rg4+ 50. Kxh5 Rxg3 51. Nxa4 Ra3 52. Kg6
Bd4 53. h5 Rg3+ 54. Kf5 Rh3 55. Kg4 Ra3 56. h6 Kf7 57. Kf5 Rh3 58. Rc6 Be3
1/2-1/2

[Event "4NCL 3 North pool A"]
[Site "Crewe, ENG ENG"]
[Date "2016.01.16"]
[Round "3.80"]
[White "Roberts, Malcolm A"]
[Black "Hulme, David I"]
[Result "0-1"]
[WhiteElo "1735"]
[BlackElo "1742"]
[PlyCount "70"]
[EventDate "2016.01.16"]
[WhiteTeam "Holmes Chapel"]
[BlackTeam "Spirit of Atticus C"]

1. e4 e5 2. Nf3 Nc6 3. Nc3 Bc5 4. Bc4 d6 5. h3 Nf6 6. d3 Na5 7. Na4 Nxc4 8.
dxc4 Nxe4 9. Nxc5 Nxc5 10. Be3 Nd7 11. O-O Nf6 12. Re1 Be6 13. b3 Qd7 14. Ng5
O-O 15. Nxe6 Qxe6 16. Qd3 Rad8 17. Rad1 Nd7 18. Qc3 b6 19. Bg5 Rde8 20. Rd3 f5
21. f3 f4 22. Bh4 Rf5 23. Re2 Qg6 24. Kh2 Rh5 25. Qe1 Nc5 26. Rd5 Qh6 27. Bf2
Ne6 28. Qf1 Ng5 29. Be1 Qe6 30. Bd2 Rf8 31. Bc3 Rf6 32. Bxe5 dxe5 33. Rexe5
Nxf3+ 34. Qxf3 Rxe5 35. Rd8+ Rf8 0-1

[Event "4NCL 3 North pool A"]
[Site "Crewe, ENG ENG"]
[Date "2016.01.16"]
[Round "3.85"]
[White "Polaczek, Richard"]
[Black "Hilton, Tim"]
[Result "1-0"]
[WhiteElo "2425"]
[BlackElo "1960"]
[PlyCount "45"]
[EventDate "2016.01.16"]
[WhiteTeam "Broadland Bitterns"]
[BlackTeam "Manchester Manticores 3"]

1. d4 Nf6 2. Nf3 e6 3. g3 b5 4. Bg2 Bb7 5. Bg5 h6 6. Bxf6 Qxf6 7. Qd3 a6 8.
Nbd2 d6 9. c3 c5 10. O-O Nc6 11. a4 b4 12. e4 Qd8 13. d5 Ne5 14. Nxe5 dxe5 15.
Nc4 exd5 16. exd5 Bd6 17. f4 exf4 18. Rae1+ Kf8 19. gxf4 Qc7 20. Ne5 g5 21.
Nxf7 Kxf7 22. fxg5+ Kg7 23. Re6 1-0

[Event "4NCL 3 North pool A"]
[Site "Crewe, ENG ENG"]
[Date "2016.01.16"]
[Round "3.86"]
[White "Collins, Richard A"]
[Black "Moore, Gerald"]
[Result "1/2-1/2"]
[WhiteElo "1952"]
[BlackElo "2117"]
[PlyCount "29"]
[EventDate "2016.01.16"]
[WhiteTeam "Manchester Manticores 3"]
[BlackTeam "Broadland Bitterns"]

1. d4 g6 2. c4 Bg7 3. Nc3 d6 4. e4 e5 5. dxe5 dxe5 6. Qxd8+ Kxd8 7. Be3 Be6 8.
Nf3 f6 9. Be2 Nd7 10. Rd1 Nh6 11. h3 Nf7 12. O-O Kc8 13. Ne1 c6 14. b3 Bh6 15.
Bxh6 1/2-1/2

[Event "4NCL 3 North pool A"]
[Site "Crewe, ENG ENG"]
[Date "2016.01.16"]
[Round "3.87"]
[White "McEwan, Ken B"]
[Black "Blackmore, Graham W"]
[Result "1-0"]
[WhiteElo "2060"]
[BlackElo "1848"]
[PlyCount "61"]
[EventDate "2016.01.16"]
[WhiteTeam "Broadland Bitterns"]
[BlackTeam "Manchester Manticores 3"]

1. d4 Nf6 2. Bf4 d5 3. e3 e6 4. Nf3 Be7 5. h3 Nbd7 6. Nbd2 c5 7. c3 O-O 8. Bd3
Re8 9. O-O Nf8 10. Ne5 Ng6 11. Bg3 Nxe5 12. dxe5 Nd7 13. f4 g6 14. Qf3 b6 15.
Rad1 Bb7 16. Qf2 Bf8 17. Bb5 Re7 18. Bh4 a6 19. Bxd7 Qxd7 20. Ne4 Qc7 21. Bxe7
Bxe7 22. Nf6+ Kg7 23. Qh4 Rh8 24. e4 Qd8 25. exd5 exd5 26. f5 Bxf6 27. exf6+
Qxf6 28. Qxf6+ Kxf6 29. fxg6+ Kxg6 30. Rd3 Rc8 31. Rg3+ 1-0

[Event "4NCL 3 North pool A"]
[Site "Crewe, ENG ENG"]
[Date "2016.01.16"]
[Round "3.88"]
[White "Altham, John T"]
[Black "Hughes, Roy"]
[Result "0-1"]
[WhiteElo "1847"]
[BlackElo "2110"]
[PlyCount "72"]
[EventDate "2016.01.16"]
[WhiteTeam "Manchester Manticores 3"]
[BlackTeam "Broadland Bitterns"]

1. e4 d5 2. exd5 Qxd5 3. Nc3 Qd6 4. d4 Nf6 5. Bc4 a6 6. a4 Nc6 7. Nge2 Bf5 8.
Bf4 Qd7 9. O-O Nb4 10. Rc1 e6 11. Ng3 Bg6 12. h4 h6 13. h5 Bh7 14. a5 Be7 15.
Be5 O-O 16. Bxf6 Bxf6 17. Nce4 Be7 18. c3 Nd5 19. Qd2 Qa4 20. b4 Rfd8 21. Ra1
Qc6 22. Bd3 Bd6 23. Nxd6 cxd6 24. Bxh7+ Kxh7 25. Ne2 Rac8 26. Rac1 Qc4 27. f4
Nf6 28. Ng3 Qd5 29. Qe2 Re8 30. Qd3+ Kg8 31. c4 Qc6 32. f5 e5 33. d5 Qa4 34.
Rb1 e4 35. Qd4 Qa3 36. Rfe1 Qxg3 0-1

[Event "4NCL 3 North pool A"]
[Site "Crewe, ENG ENG"]
[Date "2016.01.16"]
[Round "3.89"]
[White "Bin-Suhayl, Ieysaa"]
[Black "Pardoe, David"]
[Result "1/2-1/2"]
[WhiteElo "1967"]
[BlackElo "1758"]
[PlyCount "93"]
[EventDate "2016.01.16"]
[WhiteTeam "Broadland Bitterns"]
[BlackTeam "Manchester Manticores 3"]

1. d4 Nf6 2. c4 e6 3. Nc3 Bb4 4. e3 c5 5. Bd3 Nc6 6. Nge2 d5 7. O-O a6 8. dxc5
Bxc5 9. a3 dxc4 10. Bxc4 O-O 11. b4 Bd6 12. Ng3 b5 13. Ba2 Qc7 14. Bb2 Rd8 15.
Qc2 Bb7 16. Rac1 Ne5 17. Nce4 Qxc2 18. Nxf6+ gxf6 19. Rxc2 Rac8 20. Rd2 Be7 21.
Rfd1 Rxd2 22. Rxd2 Rd8 23. Rxd8+ Bxd8 24. Bxe5 fxe5 25. Bb1 f5 26. Ba2 Bd5 27.
Bxd5 exd5 28. Nxf5 Kf7 29. Nd6+ Ke6 30. Nb7 Bb6 31. g4 d4 32. exd4 Bxd4 33. h4
Kf6 34. Nc5 Bb2 35. Nxa6 Bxa3 36. Nc7 h6 37. Kf1 Kf7 38. Na6 Ke6 39. Ke2 e4 40.
Kd2 Ke5 41. f3 exf3 42. Ke3 f2 43. Kxf2 Kf4 44. g5 hxg5 45. hxg5 Kxg5 46. Ke3
Bxb4 47. Nxb4 1/2-1/2

[Event "4NCL 3 North pool A"]
[Site "Crewe, ENG ENG"]
[Date "2016.01.16"]
[Round "3.90"]
[White "Livesey, R Nigel"]
[Black "Frean, Daniel J"]
[Result "1/2-1/2"]
[WhiteElo "1787"]
[BlackElo "1913"]
[PlyCount "86"]
[EventDate "2016.01.16"]
[WhiteTeam "Manchester Manticores 3"]
[BlackTeam "Broadland Bitterns"]

1. c4 b6 2. Nf3 Nf6 3. g3 Bb7 4. Bg2 e6 5. O-O Be7 6. Nc3 O-O 7. d3 d5 8. cxd5
exd5 9. Bf4 c5 10. Re1 d4 11. Nb5 Nc6 12. Ne5 Qc8 13. Rc1 Nxe5 14. Bxb7 Qxb7
15. Bxe5 a6 16. Bxf6 Bxf6 17. Nd6 Qd5 18. Nc4 Rab8 19. b3 Bg5 20. Rc2 f5 21.
Nd2 Bxd2 22. Rxd2 f4 23. Qc2 fxg3 24. hxg3 b5 25. Qd1 Rb6 26. e4 dxe3 27. Rxe3
Rh6 28. Re4 c4 29. bxc4 bxc4 30. Qc2 cxd3 31. Qxd3 Qxd3 32. Rxd3 Rhf6 33. Re2
h5 34. Rd4 Kh7 35. Rh4 Kh6 36. Rhe4 g5 37. Re6 Kg6 38. Kg2 Rxe6 39. Rxe6+ Rf6
40. Re8 Kf5 41. Ra8 Kg4 42. Rc8 h4 43. f3+ Kh5 1/2-1/2